| 000 | 00987nam0a22002891 4500 | ||
|---|---|---|---|
| 001 | RU\NLR\INFOCOMM_241\5000001088 | ||
| 005 | 20250613090616.0 | ||
| 035 | _a(NLR Aleph) 009072809 | ||
| 090 |
_a7933498 _c7933498 |
||
| 100 | _a20081030d1967 |||y0rusy50 ca | ||
| 101 | 0 | _aeng | |
| 102 | _aRU | ||
| 105 | _ay ||||000|y | ||
| 200 | 1 |
_aStatic scalar and electric fields in the Einstein theory of gravitation _fR. A. Asanov |
|
| 210 |
_aДубна _d1967 |
||
| 215 |
_a13 с. _d22 см |
||
| 225 | 1 |
_a[Издания] _fОбъедин. ин-та ядерных исследований. Лаборатория теорет. физики _vЕ2-3108 |
|
| 309 | _aОтпечат. множит. аппаратом | ||
| 320 | _aБиблиогр.: с. 13 | ||
| 686 |
_aФз-73[В315, 3, 0] _2rubbk |
||
| 700 | 1 |
_aAsanov _bR. A. _gRustem Ametovič _4070 |
|
| 801 | 1 |
_aRU _bNLR _c20081030 |
|
| 801 | 0 |
_aRU _bNLR _gPSBO |
|
| 852 |
_aNLR _jP11/3130 |
||
| 942 | _cBOOK | ||
| 980 | _aNB | ||